000 00581nja a2200193 a 4500
003 BLK
005 20180422124136.0
008 180414c bul|r|ner|||| 00| c0bul d
010 _aNOT00003437007
040 _aBLK
100 1 _aПипков, Панайот
_eпърви автор
_9388677
245 1 0 _aНа пролетта
_cПанайот Пипков.
257 _aBGR
380 _a7
773 _0319164
_9672176
_aПипков, Панайот
_tГодината в песни
852 _aЦб М ІІ 11784
942 _cNOT
_n0
944 _aCR
_c12.11.2014
_k
944 _aED
_c27.03.2015
_kИрена_Линкова
999 _c319171
_d319171